| 000 | 00392nam a2200169Ia 4500 | ||
|---|---|---|---|
| 003 | 0100 | ||
| 008 | 130303s9999 xx 000 0 und d | ||
| 040 | _cARRUPELIB | ||
| 050 | _aBT732.7.H3 | ||
| 100 | _aHarrity, Michael | ||
| 245 | _aThoughts on suffering, sorrow, and death | ||
| 260 | _aHuntington IN | ||
| 260 | _bOur Sunday Visitor | ||
| 260 | _C1973 | ||
| 300 | _a96p | ||
| 942 | 0 | 0 | _01 |
| 999 |
_c31422 _d31422 |
||